| 000 | 005790000a22001810004500 | ||
|---|---|---|---|
| 003 | MACL | ||
| 005 | 20160501153849.0 | ||
| 008 | 160501b xxu||||| |||| 00| 0 eng d | ||
| 040 |
_aMACL _cMACL |
||
| 041 | _aHindi | ||
| 082 | _a800 KUM | ||
| 100 |
_aकुमार, रमेश _920011 |
||
| 245 |
_aनवजागरण और हिन्दी-आलोचना _cरमेश कुमार |
||
| 260 |
_bनेहा प्रकाशन _c2008 _aनई दिल्ली |
||
| 350 | _a250 | ||
| 650 |
_aLiterature _954827 |
||
| 942 |
_cHIN _k800/KUM/L _2ddc |
||
| 999 |
_c22135 _d22135 |
||